000 00724nas a2200253 4500
001 BR2016002225
003 BR-BrBNA
005 20231205130346.0
007 ta
008 230509b bl.|||p| |||| 00| 00por d
040 _aBR-BrBNA
_bpor
_cBiblioteca Nacional de Agricultura
041 _a(Pt)
072 _aK10
100 1 _aMeira, M.R.
100 1 _aCabacinha, C.D.
245 1 _aManejo sustentável do barbatimão no norte de Minas Gerais
650 _aBARBATIMÃO
650 _aCASCA
650 _aMANEJO
650 _aMERCADO
773 0 _tFloresta e Ambiente (Brazil)
_xISSN 1415-0980
_g(Jan-Mar 2016), v. 23(1) p. 61-69
_wBR2016002225
909 _a202311
_bLúcia
_c55
_dLúcia Elande
942 _2AGRIS
_n0
_cANA
999 _c249028
_d249028